| Tag |
First Indicator |
Second Indicator |
Subfields |
| LEADER |
00000cam a22000008a 4500 |
| 001 |
in00000025029 |
| 005 |
20151007055709.0 |
| 008 |
870501s1988 gw d 00010 eng d |
| 010 |
|
|
|a 87002999
|
| 020 |
|
|
|a 0895734044 (U.S.) :
|c £37.50 (U.K. : est.)
|
| 035 |
|
|
|a (OCoLC)15697756
|
| 035 |
|
|
|9 AAB9004AM
|
| 040 |
|
|
|a DNLM/DLC
|c DLC
|d m/c
|d TXA
|d UtOrBLW
|
| 041 |
1 |
|
|a eng
|h fre
|
| 049 |
|
|
|a TXAF
|c [A11112011]
|
| 050 |
0 |
0 |
|a QP141
|b .A37813 1987
|
| 050 |
|
4 |
|a QP141
|b .A37813 1988
|
| 060 |
|
0 |
|a QU 13 A243d
|
| 082 |
0 |
|
|a 612/.3/0321
|2 19
|
| 100 |
1 |
|
|a Adrian, Jean,
|d 1925-
|
| 240 |
1 |
0 |
|a Science alimentaire de A à Z.
|l English
|
| 245 |
1 |
0 |
|a Dictionary of food and nutrition /
|c J. Adrian, G. Legrand, and R. Frangne ; translator, B. Weitz ; translation editors, E. Rolfe, J. Morton, L. Mabbit.
|
| 263 |
|
|
|a 8705
|
| 264 |
|
1 |
|a Weinheim, Federal Republic of Germany ;
|a New York :
|b VCH ;
|a Chichester, England :
|b Ellis Horwood,
|c 1988.
|
| 300 |
|
|
|a v, 233 pages :
|b illustrations
|
| 336 |
|
|
|a text
|b txt
|2 rdacontent
|
| 337 |
|
|
|a unmediated
|b n
|2 rdamedia
|
| 338 |
|
|
|a volume
|b nc
|2 rdacarrier
|
| 490 |
1 |
|
|a Ellis Horwood series in food science and technology,
|x 0930-332
|
| 490 |
0 |
|
|a Parat,
|x 0930-6862
|
| 500 |
|
|
|a Translation of: La science alimentaire de A à Z. 1986.
|
| 650 |
|
0 |
|a Nutrition
|v Dictionaries.
|
| 650 |
|
0 |
|a Food
|v Dictionaries.
|
| 700 |
1 |
|
|a Legrand, Gilberte.
|
| 700 |
1 |
|
|a Frangne, Régine.
|
| 830 |
|
0 |
|a Ellis Horwood series in food science and technology.
|
| 999 |
|
|
|a MARS
|
| 999 |
f |
f |
|s 267e2090-37ce-3fbc-bda9-d7a6d822f817
|i 2f082f9d-16e9-3ec2-b333-a4e19846647c
|t 0
|
| 952 |
f |
f |
|p ric
|a Texas A&M University
|b Rellis Campus
|c Joint Library Facility
|d Remote Storage
|t 0
|e QP141 .A37813 1988
|h Library of Congress classification
|i unmediated -- volume
|m A14811112011
|
| 998 |
f |
f |
|a QP141 .A37813 1988
|t 0
|l Remote Storage
|